000 00623cam a2200169 a 4500
020 _a0566080524
082 0 0 _a025.1
_bPRY
245 0 0 _aGower handbook of library and information management /
_cedited by Ray Prytherch.
260 _aAldershot, Hants, England :
_bGower Pub. Co. ;
_aBrookfield, Vt. :
_bGower,
_cc1998.
300 _axvi, 411 p. ;
_c24 cm.
526 _a0
_b0
_c0
_d025_100000000000000_PRY
650 0 _aInformation services
_zGreat Britain
_xManagement.
_936965
650 0 _aLibrary administration
_zGreat Britain.
_936966
650 0 _aMCE
_9379
700 1 _aPrytherch, Raymond John.
_936967
942 _2ddc
_cBK
999 _c541883
_d541883